000 00561nam a2200181 i 4500
001 20666
003 ES-MaACL
007 t|
008 021115s1878 ddr ||||1| eng d
100 1 _aAinsworth, William Harrison.
_918986
245 1 0 _aBeatrice Tyldesley /
_cby William Harrison Ainsworth.
260 _aLeipzig :
_bBeruhard Tauchnit,
_c1878.
300 _a2 t. en 1 v. ;
_c16 cm.
490 1 _aCollection of British authors ;
_v1747-8
830 0 _aCollection of British authors ;
_v1747-8
_9180703
852 _aES-MaACL
_jG-12202
999 _c20666
_d20666